Fr. Conceicao Rodrigues College of Engineering

Queing Modelling fundamentals (Record no. 21969)

MARC details
000 -LEADER
fixed length control field 00343nam a2200157Ia 4500
082 ## - DEWEY DECIMAL CLASSIFICATION NUMBER
Classification number 519.82/HOC
Item number HOC
100 ## - MAIN ENTRY--PERSONAL NAME
Personal name Hock/NG Chee
245 ## - TITLE STATEMENT
Title Queing Modelling fundamentals
260 ## - PUBLICATION, DISTRIBUTION, ETC.
Name of publisher, distributor, etc. John Wiley & Sons
Place of publication, distribution, etc. Mumbai
Date of publication, distribution, etc. 1996
366 ## - TRADE AVAILABILITY INFORMATION
Publishers's discount category 20
300 ## - PHYSICAL DESCRIPTION
Extent 222
546 ## - LANGUAGE NOTE
Language note ENGLISH
650 ## - SUBJECT ADDED ENTRY--TOPICAL TERM
Topical term or geographic name entry element Modelling
654 ## - SUBJECT ADDED ENTRY--FACETED TOPICAL TERMS
Focus term queing
942 ## - ADDED ENTRY ELEMENTS (KOHA)
Koha item type Reference Book
Holdings
Withdrawn status Lost status Damaged status Not for loan Collection Home library Current library Date acquired Source of acquisition Cost, normal purchase price Inventory number Total Checkouts Full call number Barcode Date last seen Cost, replacement price Price effective from Koha item type
        CRC Fr. Agnel's C.Rodrigues College of Engineering Fr. Agnel's C.Rodrigues College of Engineering 17/03/2023 Milan Book Supplier 4357.60 1353 dt 26/03/2008   519.82/HOC HOC 18709 17/03/2023 5447.00   Reference Book